| 000 | 01299cam a22003254a 4500 | ||
|---|---|---|---|
| 001 | 14192209 | ||
| 005 | 20241007143605.0 | ||
| 008 | 051207s2005 enk b 001 0 eng | ||
| 010 | _a 2005284456 | ||
| 020 | _a9781108810913 | ||
| 040 |
_aDLC _cDLC _dDLC |
||
| 042 | _apcc | ||
| 050 | 0 | 0 |
_aK3230.R45 _bH38 2005 |
| 082 |
_a341.481 _bHAT |
||
| 100 | 1 |
_aHathaway, James C. _9126261 |
|
| 245 | 1 | 4 |
_aThe rights of refugees under international law / _cJames C. Hathaway. |
| 260 |
_aCambridge [England] ; _aNew York : _bCambridge University Press, _c2021. |
||
| 300 |
_ali, 1184 p. ; _c26 cm. |
||
| 563 | _aPaperback. | ||
| 650 | 0 |
_aRefugees _xLegal status, laws, etc. _994360 |
|
| 650 | 0 |
_aAsylum, Right of. _994361 |
|
| 650 | 0 |
_aFreedom of movement (International law) _9126262 |
|
| 650 | 0 | _aHuman rights. | |
| 856 | 4 | 2 |
_3Publisher description _uhttp://www.loc.gov/catdir/enhancements/fy0632/2005284456-d.html |
| 856 | 4 | 1 |
_3Table of contents only _uhttp://www.loc.gov/catdir/enhancements/fy0632/2005284456-t.html |
| 856 | 4 | 2 |
_3Contributor biographical information _uhttp://www.loc.gov/catdir/enhancements/fy0733/2005284456-b.html |
| 906 |
_a7 _bcbc _corignew _d2 _encip _f20 _gy-gencatlg |
||
| 942 |
_2ddc _cBK |
||
| 999 |
_c611983 _d611983 |
||